000 00621nam a2200229Ia 4500
003 OSt
005 20220927112957.0
006 a|||||r|||| 00| 0
007 ta
008 220926b |||||||| |||| 00| 0 eng d
024 _a151632
037 _cReports
040 _aRTL
_cRTL
_beng
041 _2eng
_aeng
082 _a"X.42s, N5/GD"
110 _a"Japan, Statistical Statndards (Deptt. Of-)"
_9384816
245 0 _aStatistical services in Japan
260 _c1955
700 _a"Japan, Statistical Statndards (Deptt. Of-)"
_9384817
942 _h"X.42s, N5/GD"
_cCC
999 _c701099
_d701099